[Event "Kiel op 35th"]
[Site "Kiel"]
[Date "2023.07.31"]
[Round "5"]
[White "Wunder, Niklas"]
[Black "Jahncke, Giso"]
[Result "1-0"]
[WhiteElo "2070"]
[BlackElo "2244"]
[PlyCount "85"]
[EventDate "2023.07.29"]
[EventType "swiss"]
[EventRounds "9"]
[EventCountry "GER"]
[SourceTitle "CBM 215 Extra"]
[Source "ChessBase"]
[SourceDate "2023.09.30"]
[SourceVersion "1"]
[SourceVersionDate "2023.09.30"]
[SourceQuality "1"]

1. d4 Nf6 2. c4 c5 3. d5 b5 4. cxb5 a6 5. bxa6 g6 6. Nc3 Bg7 7. e4 0-0 8. Bc4 Qa5 9. a7 Nxe4 10. axb8Q Rxb8 11. Nge2 d6 12. f3 Nxc3 13. bxc3 Bf5 14. Bd2 Rb2 15. 0-0 Rfb8 16. Kh1 h5 17. Re1 h4 18. Bb3 c4 19. Bxc4 h3 20. Bb3 Qc5 21. Nd4 hxg2+ 22. Kg1 Bh3 23. Rb1 Rxb1 24. Qxb1 Bf6 25. Qd3 Kg7 26. f4 Rh8 27. Re3 Bd7 28. Kxg2 Qc8 29. Rg3 Bh4 30. Re3 Bf6 31. c4 Rh4 32. Rg3 Qh8 33. Nf3 Rh3 34. Bc3 Qh5 35. Bxf6+ exf6 36. Bd1 Bg4 37. Rxh3 Bxh3+ 38. Kf2 Qg4 39. Ke3 Bg2 40. Qd2 Kg8 41. a4 g5 42. Nxg5 Qc8 43. Qxg2 1-0

[Event "Bastia op"]
[Site "Bastia"]
[Date "2022.07.14"]
[Round "6"]
[White "Podvin, Antoine"]
[Black "Jahncke, Giso"]
[Result "0-1"]
[WhiteElo "2086"]
[BlackElo "2299"]
[PlyCount "62"]
[EventDate "2022.07.10"]
[EventType "swiss"]
[EventRounds "7"]
[EventCountry "FRA"]
[SourceTitle "CBM 209 Extra"]
[Source "ChessBase"]
[SourceDate "2022.09.30"]
[SourceVersion "1"]
[SourceVersionDate "2022.09.30"]
[SourceQuality "1"]

1. d4 d5 2. e4 dxe4 3. Nc3 Nf6 4. f3 c6 5. Be3 Bf5 6. fxe4 Nxe4 7. Qf3 Nxc3 8. Qxf5 e6 9. Qh3 Nd5 10. Bd2 Nd7 11. 0-0-0 Qc7 12. Nf3 Be7 13. c4 N5f6 14. Bd3 0-0-0 15. Rhe1 h6 16. Kb1 Kb8 17. Bc3 Ka8 18. Ka1 g5 19. Ne5 Nxe5 20. dxe5 Nd7 21. Qh5 Rdf8 22. Re2 a5 23. Rf1 Bb4 24. Bxb4 axb4 25. Rxf7 Qd8 26. Bc2 Rxf7 27. Qxf7 Rf8 28. Qxe6 Rf1+ 29. Bb1 Nc5 30. Qh3 Rxb1+ 31. Kxb1 Qd1# 0-1

[Event "Pula op 34th"]
[Site "Pula"]
[Date "2022.06.24"]
[Round "8"]
[White "Kolesar, Milan"]
[Black "Jahncke, Giso"]
[Result "0-1"]
[WhiteElo "2178"]
[BlackElo "2300"]
[PlyCount "68"]
[EventDate "2022.06.18"]
[EventType "swiss"]
[EventRounds "9"]
[EventCountry "CRO"]
[SourceTitle "CBM 209 Extra"]
[Source "ChessBase"]
[SourceDate "2022.09.30"]
[SourceVersion "1"]
[SourceVersionDate "2022.09.30"]
[SourceQuality "1"]

1. Nf3 d5 2. d4 Nf6 3. c4 e6 4. Nc3 dxc4 5. e3 a6 6. a4 b6 7. Bxc4 Bb7 8. 0-0 Nbd7 9. Qe2 Bb4 10. Rd1 Qe7 11. d5 e5 12. e4 h6 13. Nh4 g6 14. g3 Kf8 15. f3 Kg7 16. Be3 Ne8 17. Na2 Bc5 18. Bd3 Nd6 19. Bc2 Bxe3+ 20. Qxe3 Nc4 21. Qc3 b5 22. Bd3 Qc5+ 23. Kh1 Ncb6 24. Qxc5 Nxc5 25. a5 Nba4 26. b4 Nb3 27. Rab1 Nd4 28. Rdc1 Rac8 29. Nc3 Nxc3 30. Rxc3 c6 31. dxc6 Rxc6 32. Rxc6 Nxc6 33. Ng2 Rd8 34. Rb3 Nd4 0-1

[Event "Heraklion Fischer Memorial 8th"]
[Site "Heraklion"]
[Date "2022.05.02"]
[Round "8"]
[White "Mitsis, Georgios"]
[Black "Jahncke, Giso"]
[Result "1/2-1/2"]
[WhiteElo "2344"]
[BlackElo "2326"]
[PlyCount "100"]
[EventDate "2022.04.25"]
[EventType "tourn"]
[EventRounds "9"]
[EventCountry "GRE"]
[EventCategory "6"]
[SourceTitle "CBM 208 Extra"]
[Source "ChessBase"]
[SourceDate "2022.07.31"]
[SourceVersion "1"]
[SourceVersionDate "2022.07.31"]
[SourceQuality "1"]

1. d4 Nf6 2. c4 g6 3. Nc3 Bg7 4. e4 d6 5. Nf3 0-0 6. Be2 e5 7. d5 a5 8. Bg5 h6 9. Bh4 Na6 10. Nd2 Bd7 11. b3 Nxe4 12. Bxd8 Nxc3 13. Qc1 Nxe2 14. Kxe2 Raxd8 15. Re1 Nc5 16. Kf1 Nd3 17. Qc2 Nxe1 18. Rxe1 b6 19. Re2 f5 20. Nb1 g5 21. Nc3 Be8 22. Nb5 Rd7 23. a3 Bh5 24. Re1 Kh7 25. b4 axb4 26. axb4 Bg6 27. Ra1 f4 28. Qd1 f3 29. g3 Re7 30. Ra3 g4 31. Na7 h5 32. Nc6 Ree8 33. b5 Bh6 34. Nb4 e4 35. Nc2 e3 36. Nxe3 Bxe3 37. Rxe3 Rxe3 38. fxe3 Ra8 39. Qd4 Ra2 40. e4 Re2 41. Qf6 Rxe4 42. h3 gxh3 43. Qxf3 Rxc4 44. Kg1 Rc2 45. Qe3 h2+ 46. Kh1 Kg8 47. Qe6+ Bf7 48. Qf5 Re2 49. Qc8+ Kg7 50. Qg4+ hxg4 1/2-1/2

[Event "Heraklion Fischer Memorial 8th"]
[Site "Heraklion"]
[Date "2022.04.28"]
[Round "4"]
[White "Jahncke, Giso"]
[Black "Vaishali, Ramesh Babu"]
[Result "0-1"]
[WhiteElo "2326"]
[BlackElo "2411"]
[PlyCount "110"]
[EventDate "2022.04.25"]
[EventType "tourn"]
[EventRounds "9"]
[EventCountry "GRE"]
[EventCategory "6"]
[SourceTitle "CBM 208 Extra"]
[Source "ChessBase"]
[SourceDate "2022.07.31"]
[SourceVersion "1"]
[SourceVersionDate "2022.07.31"]
[SourceQuality "1"]

1. d4 Nf6 2. c4 e6 3. g3 d5 4. Bg2 dxc4 5. Nf3 c6 6. a4 Bb4+ 7. Nc3 a5 8. 0-0 Nbd7 9. Qc2 0-0 10. e4 e5 11. dxe5 Ng4 12. e6 fxe6 13. Bf4 e5 14. Bg5 Qe8 15. h3 Ngf6 16. Na2 Qe6 17. Be3 h6 18. Nxb4 axb4 19. a5 b3 20. Qb1 c5 21. Nd2 b5 22. axb6 Rxa1 23. Qxa1 Bb7 24. Qc1 Nxb6 25. Bxc5 Rc8 26. Bb4 Na4 27. Bc3 Nc5 28. Qb1 Rd8 29. Re1 Na4 30. Ba5 Rd4 31. Re2 Qd6 32. Qc1 Ba6 33. Bc3 Rd3 34. Bf1 Nxc3 35. bxc3 Qb6 36. Qb2 Rxg3+ 37. Kh2 Rd3 38. f4 Qa5 39. Nxb3 cxb3 40. Qxb3+ Kh7 41. Ra2 Qc5 42. Qe6 Bc8 43. Qxe5 Rxc3 44. Qxc5 Rxc5 45. e5 Nd5 46. Bd3+ Kg8 47. Ra8 Kf7 48. f5 Ne7 49. f6 gxf6 50. exf6 Kxf6 51. Ra3 Kg5 52. Kg3 Nf5+ 53. Bxf5 Bxf5 54. h4+ Kh5 55. Rf3 Rd5 0-1

[Event "Hamburg-chT Landesliga 2122"]
[Site "Hamburg"]
[Date "2021.12.12"]
[Round "3.2"]
[White "Conrad, Christian"]
[Black "Jahncke, Giso"]
[Result "0-1"]
[WhiteElo "2080"]
[BlackElo "2324"]
[PlyCount "78"]
[EventDate "2021.10.31"]
[EventType "team-tourn"]
[EventRounds "9"]
[EventCountry "GER"]
[SourceTitle "EXT 2023"]
[Source "ChessBase"]
[SourceDate "2022.10.05"]
[SourceVersion "1"]
[SourceVersionDate "2022.10.05"]
[SourceQuality "1"]
[WhiteTeam "Hamburg Koenigsspringer II"]
[BlackTeam "St Pauli II"]
[WhiteTeamCountry "GER"]
[BlackTeamCountry "GER"]

1. d4 Nf6 2. Nf3 g6 3. g3 b6 4. Bg2 Bb7 5. c4 Bg7 6. Nc3 Ne4 7. Nxe4 Bxe4 8. 0-0 0-0 9. Be3 d6 10. Qd2 Nd7 11. Bh6 Nf6 12. Bxg7 Kxg7 13. Rfd1 Qc8 14. Rac1 c5 15. b3 Rb8 16. Qe3 Re8 17. Qc3 Kg8 18. Bf1 a6 19. Ng5 Bf5 20. Bg2 h6 21. Nf3 Be4 22. Qe3 Kg7 23. Qc3 Kh7 24. Qe3 Kg7 25. Qc3 Qb7 26. Rd2 cxd4 27. Rxd4 b5 28. cxb5 axb5 29. Bh3 b4 30. Qd2 Bxf3 31. exf3 d5 32. Rf4 g5 33. Rd4 e5 34. Rd3 d4 35. f4 Ne4 36. Qd1 Nc3 37. Rcxc3 bxc3 38. fxe5 Rxe5 39. Rxd4 Rbe8 0-1

[Event "Guimaraes op"]
[Site "Guimaraes"]
[Date "2021.08.26"]
[Round "4"]
[White "Jahncke, Giso"]
[Black "Galego, Luis"]
[Result "0-1"]
[WhiteElo "2306"]
[BlackElo "2484"]
[PlyCount "51"]
[EventDate "2021.08.24"]
[EventType "swiss"]
[EventRounds "9"]
[EventCountry "POR"]
[SourceTitle "CBM 204 Extra"]
[Source "ChessBase"]
[SourceDate "2021.11.30"]
[SourceVersion "1"]
[SourceVersionDate "2021.11.30"]
[SourceQuality "1"]

1. d4 d6 2. Nf3 Nf6 3. c4 Nbd7 4. Nc3 e5 5. e4 Be7 6. Be2 0-0 7. 0-0 a6 8. Rb1 Re8 9. Re1 Bf8 10. Bf1 h6 11. a3 exd4 12. Nxd4 c6 13. b4 Ne5 14. f4 Ng6 15. h3 Bd7 16. g4 c5 17. Nf5 cxb4 18. axb4 Rc8 19. Nxd6 Bxg4 20. hxg4 Qxd6 21. Qxd6 Bxd6 22. e5 Nxg4 23. Bh3 Rxc4 24. Ne4 N4xe5 25. fxe5 Rxe5 26. Rd1 0-1

[Event "Hamburg-chT Landesliga 1920"]
[Site "Hamburg"]
[Date "2020.03.01"]
[Round "7.18"]
[White "Jahncke, Giso"]
[Black "Conrad, Christian"]
[Result "1-0"]
[WhiteElo "2304"]
[BlackElo "2114"]
[PlyCount "63"]
[EventDate "2019.09.29"]
[EventType "team-tourn"]
[EventRounds "9"]
[EventCountry "GER"]
[SourceTitle "EXT 2022"]
[Source "ChessBase"]
[SourceDate "2021.10.06"]
[SourceVersion "1"]
[SourceVersionDate "2021.10.06"]
[SourceQuality "1"]

1. d4 Nf6 2. c4 g6 3. Nc3 Bg7 4. e4 d6 5. f3 0-0 6. Nge2 c5 7. Be3 Nc6 8. d5 Ne5 9. Ng3 e6 10. Be2 exd5 11. cxd5 a6 12. a4 Re8 13. 0-0 h5 14. h3 h4 15. Nh1 Nh7 16. Nf2 f5 17. Qc2 b6 18. Rae1 Ra7 19. f4 Nf7 20. Bd3 Nh6 21. a5 bxa5 22. e5 dxe5 23. fxe5 Rxe5 24. Bxc5 Rd7 25. Bc4 Kh8 26. Nd3 Rxe1 27. Rxe1 Nf7 28. Nf4 Rd6 29. Bxd6 Nxd6 30. Nxg6+ Kg8 31. Bd3 Ne4 32. Nxe4 1-0

[Event "Hamburg-chT Landesliga 1920"]
[Site "Hamburg"]
[Date "2020.02.09"]
[Round "6.3"]
[White "Jahncke, Giso"]
[Black "Schroeder, Christoph"]
[Result "0-1"]
[WhiteElo "2311"]
[BlackElo "2150"]
[PlyCount "132"]
[EventDate "2019.09.29"]
[EventType "team-tourn"]
[EventRounds "9"]
[EventCountry "GER"]
[SourceTitle "EXT 2021"]
[Source "ChessBase"]
[SourceDate "2020.10.23"]
[SourceVersion "1"]
[SourceVersionDate "2020.10.23"]
[SourceQuality "1"]

1. d4 e6 2. Nf3 Nf6 3. g3 d5 4. Bg2 Be7 5. 0-0 0-0 6. c4 dxc4 7. Ne5 Nc6 8. Nxc6 bxc6 9. Na3 Bxa3 10. bxa3 Rb8 11. Qa4 Rb6 12. Qa5 Ba6 13. a4 Qe7 14. a3 Rd8 15. Rd1 c3 16. Qxc3 Bxe2 17. Re1 Ba6 18. a5 Rbb8 19. Bf4 Nd5 20. Bxd5 Rxd5 21. Qxc6 Bb7 22. Qc4 Rc8 23. Rab1 c5 24. a6 Bc6 25. Rec1 Rxd4 26. Qe2 Re4 27. Be3 c4 28. Rxc4 Rxc4 29. Qxc4 Qxa3 30. Rc1 h6 31. Qg4 Kh8 32. Qf4 Qe7 33. Qd4 Qd7 34. Qxa7 Qd5 35. Rxc6 Qxc6 36. Qb6 Qxb6 37. Bxb6 Ra8 38. a7 Kg8 39. Kg2 Kf8 40. Kf3 Ke7 41. Kg4 Kd6 42. h4 g6 43. Kf4 Rc8 44. Ke3 Kc6 45. Bd4 Kb7 46. Kd3 Rd8 47. Ke4 Rd5 48. Be3 h5 49. Bd4 f5+ 50. Ke3 e5 51. Bb2 Kxa7 52. f3 Kb6 53. Bc3 Kc5 54. Be1 Kc4 55. Ke2 Rd3 56. Bf2 Ra3 57. Be1 Kd5 58. Bb4 Rb3 59. Be1 e4 60. fxe4+ Kxe4 61. Kf2 Rb2+ 62. Kg1 Kf3 63. Bc3 Rg2+ 64. Kh1 Re2 65. Bd4 Kxg3 66. Bg1 f4 0-1

[Event "Lueneburg op-A"]
[Site "Lueneburg"]
[Date "2019.08.11"]
[Round "9"]
[White "Poeck, Ole"]
[Black "Jahncke, Giso"]
[Result "0-1"]
[WhiteElo "2259"]
[BlackElo "2325"]
[PlyCount "132"]
[EventDate "2019.08.03"]
[EventType "swiss"]
[EventRounds "9"]
[EventCountry "GER"]
[SourceTitle "CBM 191 Extra"]
[Source "ChessBase"]
[SourceDate "2019.09.30"]
[SourceVersion "1"]
[SourceVersionDate "2019.09.30"]
[SourceQuality "1"]

1. e4 e5 2. Nf3 Nc6 3. Bb5 a6 4. Ba4 Nf6 5. 0-0 Be7 6. Re1 b5 7. Bb3 d6 8. c3 0-0 9. h3 Bb7 10. d3 Na5 11. Bc2 c5 12. Nbd2 Nc6 13. Nf1 Re8 14. Ng3 g6 15. Bh6 Bf8 16. Qd2 Qe7 17. Bg5 Bg7 18. a4 Qf8 19. Bb3 Na5 20. Bc2 Nc6 21. Bb3 Nd7 22. axb5 axb5 23. Be3 h6 24. d4 Na5 25. Ba2 c4 26. dxe5 Nxe5 27. Nxe5 dxe5 28. Qc2 Ra6 29. Rad1 Rc8 30. f3 h5 31. Rd7 Bc6 32. Ra7 Rxa7 33. Bxa7 Ra8 34. Be3 Bd7 35. Qf2 Be6 36. Nf1 Bf6 37. Rd1 Qe7 38. Bc5 Qc7 39. Bb6 Qb7 40. Bc5 Qc8 41. Bb6 Be7 42. Kh2 Nb7 43. Bb1 Qc6 44. Be3 Nc5 45. Bc2 Ra2 46. Bc1 Ra1 47. Qe2 Qa8 48. Qe1 Nd7 49. h4 Bf8 50. Bg5 Ra2 51. Bc1 Kh7 52. g3 Qa7 53. Kg2 Bh6 54. Bxh6 Kxh6 55. Qd2+ Kh7 56. Bb1 Ra1 57. Bc2 Qa2 58. Rxa1 Qxa1 59. Bd1 Nc5 60. Ne3 Nd3 61. b3 Qb1 62. bxc4 Bxc4 63. Kh2 Nb2 64. Bc2 Qa2 65. Bd3 Nxd3 66. Nxc4 Qxc4 0-1

[Event "BL2-Nord 1819"]
[Site "Germany"]
[Date "2019.02.24"]
[Round "8.4"]
[White "Jahncke, Giso"]
[Black "Milanovic, Danilo"]
[Result "0-1"]
[WhiteElo "2359"]
[BlackElo "2490"]
[PlyCount "124"]
[EventDate "2018.11.10"]
[EventType "team-tourn"]
[EventRounds "10"]
[EventCountry "GER"]
[SourceTitle "CBM 190 Extra"]
[Source "ChessBase"]
[SourceDate "2019.07.15"]
[SourceVersion "1"]
[SourceVersionDate "2019.07.15"]
[SourceQuality "1"]
[WhiteTeam "St Pauli"]
[BlackTeam "Lingen"]
[WhiteTeamCountry "GER"]
[BlackTeamCountry "GER"]

1. Nf3 Nf6 2. c4 c5 3. d4 cxd4 4. Nxd4 e5 5. Nb5 d5 6. cxd5 Bc5 7. N5c3 0-0 8. g3 Qb6 9. e3 Bg4 10. Be2 Bxe2 11. Qxe2 e4 12. a3 Re8 13. Nd2 Nbd7 14. b4 Bf8 15. Nc4 Qd8 16. Bb2 a6 17. g4 b5 18. Nd2 Nb6 19. g5 Nfxd5 20. Ncxe4 Nc4 21. Nxc4 bxc4 22. Qxc4 Rc8 23. Qd4 Rc2 24. Rb1 Qa8 25. f3 Rd8 26. 0-0 Nc3 27. Bxc3 Rxd4 28. Bxd4 Qd5 29. Rbc1 Qa2 30. Rxc2 Qxc2 31. Nf2 Be7 32. Ne4 h6 33. gxh6 gxh6 34. Kh1 Kf8 35. Nc3 Qb3 36. Rb1 Qxa3 37. b5 axb5 38. Nxb5 Qd3 39. Nc3 Bb4 40. Rd1 Qf5 41. Rc1 Qxf3+ 42. Kg1 h5 43. Rc2 Qc6 44. Rc1 Qg6+ 45. Kf2 Qf5+ 46. Ke2 Bd6 47. e4 Qg4+ 48. Kd3 Bxh2 49. Ra1 Qh3+ 50. Ke2 Qc8 51. Kd3 h4 52. Nd5 Qc6 53. Ra5 h3 54. Nf6 Bd6 55. Rh5 h2 56. Nd5 f6 57. Bxf6 Qb5+ 58. Ke3 Qf1 59. Rh8+ Kf7 60. Rh7+ Ke6 61. Bh4 Qc1+ 62. Kd4 h1Q 0-1

[Event "BL2-Nord 1819"]
[Site "Germany"]
[Date "2019.02.23"]
[Round "7.4"]
[White "Bruedigam, Martin"]
[Black "Jahncke, Giso"]
[Result "1/2-1/2"]
[WhiteElo "2394"]
[BlackElo "2359"]
[PlyCount "91"]
[EventDate "2018.11.10"]
[EventType "team-tourn"]
[EventRounds "10"]
[EventCountry "GER"]
[SourceTitle "CBM 190 Extra"]
[Source "ChessBase"]
[SourceDate "2019.07.15"]
[SourceVersion "1"]
[SourceVersionDate "2019.07.15"]
[SourceQuality "1"]
[WhiteTeam "Berlin Tegel"]
[BlackTeam "St Pauli"]
[WhiteTeamCountry "GER"]
[BlackTeamCountry "GER"]

1. e4 e5 2. Nf3 Nc6 3. Bc4 Nf6 4. d3 Bc5 5. 0-0 0-0 6. Bg5 h6 7. Bh4 Be7 8. Bg3 d6 9. a4 Na5 10. Ba2 c5 11. h3 Nc6 12. c3 Bd7 13. Na3 Qc7 14. Re1 Rae8 15. Rc1 Qb8 16. Nc2 Bd8 17. Nh4 Kh7 18. d4 cxd4 19. cxd4 Ba5 20. Re2 Nh5 21. Bh2 Qd8 22. Nf3 Nf4 23. Re3 Bb6 24. Bxf4 exf4 25. Re2 g5 26. Qd3 Kh8 27. b4 a6 28. b5 axb5 29. axb5 Na7 30. Bc4 f5 31. exf5 Bxf5 32. Rxe8 Qxe8 33. Qa3 Qg6 34. Nb4 Be4 35. Nd5 Bxd5 36. Bxd5 Qf6 37. Bxb7 Nxb5 38. Qa6 Nxd4 39. Rb1 Bc5 40. Nxd4 Qxd4 41. Qe2 Rb8 42. Qe6 Qg7 43. Be4 Rxb1+ 44. Bxb1 d5 45. Qxd5 Qd4 46. Qxd4+ 1/2-1/2

[Event "Leer op"]
[Site "Leer"]
[Date "2018.11.03"]
[Round "5"]
[White "Levin, Felix"]
[Black "Jahncke, Giso"]
[Result "1-0"]
[WhiteElo "2470"]
[BlackElo "2381"]
[PlyCount "61"]
[EventDate "2018.11.01"]
[EventType "swiss"]
[EventRounds "7"]
[EventCountry "GER"]
[SourceTitle "CBM 187 Extra"]
[Source "ChessBase"]
[SourceDate "2018.11.04"]
[SourceVersion "1"]
[SourceVersionDate "2018.11.04"]
[SourceQuality "1"]

1. d4 Nf6 2. Nf3 g6 3. g3 Bg7 4. Bg2 0-0 5. c4 d6 6. Nc3 Nc6 7. 0-0 a6 8. Bf4 Rb8 9. Rc1 h6 10. h3 g5 11. Be3 g4 12. hxg4 Nxg4 13. Qd2 Nxe3 14. Qxe3 Bg4 15. Rfd1 Qd7 16. d5 Bxf3 17. exf3 Ne5 18. b3 c5 19. dxc6 bxc6 20. f4 Ng6 21. Na4 Qc8 22. Qe4 c5 23. f5 Ne5 24. Nc3 Re8 25. Kh2 e6 26. Bh3 exf5 27. Bxf5 Qd8 28. Qf4 Qe7 29. Nd5 Qg5 30. Kg2 Red8 31. Qe4 1-0

[Event "BL2-Nord 1718"]
[Site "Germany"]
[Date "2018.04.15"]
[Round "9.4"]
[White "Richter, Christian"]
[Black "Jahncke, Giso"]
[Result "1/2-1/2"]
[WhiteElo "2352"]
[BlackElo "2366"]
[PlyCount "20"]
[EventDate "2017.10.08"]
[EventType "team-tourn"]
[EventRounds "9"]
[EventCountry "GER"]
[SourceTitle "EXT 2019"]
[Source "ChessBase"]
[SourceDate "2018.10.10"]
[SourceVersion "1"]
[SourceVersionDate "2018.10.10"]
[SourceQuality "1"]
[WhiteTeam "Werder Bremen II"]
[BlackTeam "St Pauli"]
[WhiteTeamCountry "GER"]
[BlackTeamCountry "GER"]

1. d4 d5 2. Nf3 Nf6 3. c4 c6 4. e3 Bf5 5. Nc3 a6 6. Bd3 Bg6 7. Ne5 Bxd3 8. Qxd3 e6 9. 0-0 Bd6 10. Nf3 0-0 1/2-1/2

[Event "DEN-chT 1718 56th"]
[Site "Denmark"]
[Date "2018.01.14"]
[Round "6.4"]
[White "Jahncke, Giso"]
[Black "Matthiesen, Martin"]
[Result "1/2-1/2"]
[WhiteElo "2352"]
[BlackElo "2307"]
[PlyCount "41"]
[EventDate "2017.11.18"]
[EventType "team-tourn"]
[EventRounds "9"]
[EventCountry "DEN"]
[SourceTitle "EXT 2019"]
[Source "ChessBase"]
[SourceDate "2018.10.10"]
[SourceVersion "1"]
[SourceVersionDate "2018.10.10"]
[SourceQuality "1"]
[WhiteTeam "BOV"]
[BlackTeam "Copenhagen 68"]
[WhiteTeamCountry "DEN"]
[BlackTeamCountry "DEN"]

1. c4 c5 2. g3 g6 3. Bg2 Bg7 4. Nc3 Nc6 5. a3 e6 6. Rb1 Nge7 7. b4 cxb4 8. axb4 d5 9. b5 Ne5 10. cxd5 exd5 11. d4 Nc4 12. e3 0-0 13. Nge2 Be6 14. 0-0 Qd7 15. Nf4 Rac8 16. Bd2 Rc7 17. Be1 Rfc8 18. Na4 b6 19. Bb4 Bh6 20. Nxe6 fxe6 21. Bxe7 1/2-1/2

[Event "DEN-chT 1718 56th"]
[Site "Denmark"]
[Date "2018.01.13"]
[Round "5.2"]
[White "Hillarp Persson, Tiger"]
[Black "Jahncke, Giso"]
[Result "1/2-1/2"]
[WhiteElo "2531"]
[BlackElo "2352"]
[PlyCount "35"]
[EventDate "2017.11.18"]
[EventType "team-tourn"]
[EventRounds "9"]
[EventCountry "DEN"]
[SourceTitle "EXT 2019"]
[Source "ChessBase"]
[SourceDate "2018.10.10"]
[SourceVersion "1"]
[SourceVersionDate "2018.10.10"]
[SourceQuality "1"]
[WhiteTeam "Bronshoj"]
[BlackTeam "BOV"]
[WhiteTeamCountry "DEN"]
[BlackTeamCountry "DEN"]

1. c4 c5 2. g3 g6 3. Bg2 Bg7 4. Nc3 Nc6 5. Nf3 e6 6. d3 Nge7 7. h4 h6 8. Bd2 b6 9. 0-0 0-0 10. a3 d5 11. cxd5 exd5 12. b4 cxb4 13. axb4 Nxb4 14. Qc1 Kh7 15. Rb1 a5 16. Nb5 Nec6 17. Bf4 Bg4 18. Qd2 1/2-1/2

[Event "EU-ch rapid"]
[Site "Katowice"]
[Date "2017.12.17"]
[Round "7"]
[White "Lindam, Ingo"]
[Black "Jahncke, Giso"]
[Result "1/2-1/2"]
[WhiteElo "2112"]
[BlackElo "2403"]
[PlyCount "109"]
[EventDate "2017.12.16"]
[EventType "swiss (rapid)"]
[EventRounds "11"]
[EventCountry "POL"]
[SourceTitle "CBM 182 Extra"]
[Source "ChessBase"]
[SourceDate "2018.02.23"]
[SourceVersion "1"]
[SourceVersionDate "2018.02.23"]
[SourceQuality "1"]

1. d4 Nf6 2. Bg5 c5 3. Nc3 cxd4 4. Qxd4 Nc6 5. Qh4 e6 6. e4 d6 7. 0-0-0 a6 8. f4 Qa5 9. Bxf6 gxf6 10. Qxf6 Rg8 11. Qh4 Bg7 12. Nge2 Bd7 13. Rxd6 b5 14. e5 b4 15. Qxh7 0-0-0 16. Qe4 Kc7 17. Nd4 bxc3 18. Nxc6 Qxa2 19. bxc3 Bf8 20. Nxd8 Qa3+ 21. Kd2 Bxd6 22. Nxf7 Bc5 23. Be2 Bc6 24. Qh7 Rxg2 25. Nd6+ Bd7 26. Qe4 Bc6 27. Qh7+ Bd7 28. Qe4 Rf2 29. Qb7+ Kd8 30. Rg1 Rxe2+ 31. Kxe2 Bxg1 32. Qa8+ Ke7 33. Qg2 Qc1 34. Qg5+ Kf8 35. Qf6+ Kg8 36. Qf7+ Kh8 37. Qh5+ Kg7 38. Qf7+ Kh8 39. Qf6+ Kh7 40. Qf7+ Kh8 41. Qf6+ Kh7 42. Qf7+ Kh8 43. Qh5+ Kg7 44. Qg5+ Kh7 45. Qh5+ Kg7 46. Qg5+ Kh7 47. Qh5+ Kg7 48. Qg5+ Kh7 49. Qh5+ Kg7 50. Qg5+ Kh7 51. Qh5+ Kg7 52. Qg5+ Kh7 53. Qh5+ Kg7 54. Qg5+ Kh7 55. Qh5+ 1/2-1/2

[Event "EU-ch rapid"]
[Site "Katowice"]
[Date "2017.12.16"]
[Round "4"]
[White "Jahncke, Giso"]
[Black "Zhigalko, Sergei"]
[Result "0-1"]
[WhiteElo "2403"]
[BlackElo "2641"]
[PlyCount "160"]
[EventDate "2017.12.16"]
[EventType "swiss (rapid)"]
[EventRounds "11"]
[EventCountry "POL"]
[SourceTitle "CBM 182 Extra"]
[Source "ChessBase"]
[SourceDate "2018.02.23"]
[SourceVersion "1"]
[SourceVersionDate "2018.02.23"]
[SourceQuality "1"]

1. Nf3 d5 2. g3 c6 3. Bg2 Bg4 4. 0-0 e6 5. d3 Bd6 6. Nbd2 Ne7 7. h3 Bh5 8. e4 0-0 9. Qe1 c5 10. c3 Nd7 11. a4 Re8 12. b3 Nc6 13. Bb2 Qb6 14. g4 Bg6 15. Qb1 Bf4 16. Qc2 Rad8 17. Rad1 Nde5 18. Nxe5 Nxe5 19. Nf3 Nxf3+ 20. Bxf3 Bb8 21. Bg2 h5 22. Bc1 hxg4 23. hxg4 f6 24. Be3 d4 25. Bd2 dxc3 26. Bxc3 Bf4 27. Bd2 Bxd2 28. Rxd2 e5 29. Rc1 Rc8 30. Bh3 Rc7 31. Qc3 a5 32. Kg2 Bf7 33. Rb2 Qb4 34. Qxb4 axb4 35. g5 fxg5 36. Kf3 Rf8 37. Ke3 Bh5 38. Be6+ Kh7 39. Rf1 Rf3+ 40. Kd2 b6 41. Bc4 Rc6 42. Ke1 Rd6 43. Rh1 Kg6 44. d4 Rxd4 45. Be2 Rxe4 46. Kf1 Rxe2 47. Rxe2 Rxb3 48. Rxe5 Bf3 49. Rh8 Rb1+ 50. Re1 Bg2+ 51. Ke2 Rb2+ 52. Ke3 Rb3+ 53. Kd2 Rb2+ 54. Ke3 Ra2 55. Rb8 Rxa4 56. Rxb6+ Kf5 57. Rc1 Ra3+ 58. Kd2 Ra2+ 59. Ke3 Ra3+ 60. Kd2 Ra5 61. Ke3 Bd5 62. Rb8 g4 63. Rf8+ Ke5 64. Re8+ Be6 65. f4+ gxf3 66. Kxf3 Kf6 67. Rb8 b3 68. Rb6 Kf7 69. Rb7+ Kf6 70. Rb6 Kf5 71. Ke3 c4 72. Rf1+ Ke5 73. Kd2 Ra2+ 74. Kc3 Rc2+ 75. Kb4 Bd5 76. Kc5 b2 77. Rf8 Be4 78. Rbb8 Bf5 79. Rfe8+ Kf4 80. Re1 Rc1 0-1

[Event "EU-ch rapid"]
[Site "Katowice"]
[Date "2017.12.16"]
[Round "5"]
[White "Kossobudzki, Robert"]
[Black "Jahncke, Giso"]
[Result "0-1"]
[WhiteElo "2134"]
[BlackElo "2403"]
[PlyCount "170"]
[EventDate "2017.12.16"]
[EventType "swiss (rapid)"]
[EventRounds "11"]
[EventCountry "POL"]
[SourceTitle "CBM 182 Extra"]
[Source "ChessBase"]
[SourceDate "2018.02.23"]
[SourceVersion "1"]
[SourceVersionDate "2018.02.23"]
[SourceQuality "1"]

1. b4 e5 2. a3 d5 3. Bb2 Nd7 4. Nf3 Bd6 5. e3 Ne7 6. c4 c6 7. d4 e4 8. Nfd2 0-0 9. Nc3 a6 10. Be2 b5 11. c5 Bc7 12. a4 Rb8 13. axb5 axb5 14. 0-0 f5 15. f3 Nf6 16. f4 Kh8 17. Kh1 Rg8 18. g3 g5 19. Ra7 Be6 20. Qb3 Qd7 21. Nd1 Rg6 22. Nf2 gxf4 23. exf4 Rbg8 24. Rfa1 Rh6 25. Nf1 Ng6 26. Qe3 Qg7 27. Ra8 Bb8 28. Bc1 Bf7 29. Bd2 Ne7 30. R1a6 Nd7 31. Qb3 Bh5 32. Qd1 Bxe2 33. Qxe2 Re6 34. Ne3 Qf7 35. Nh3 h6 36. Be1 Kh7 37. Ng1 Rg7 38. Ng2 Ng8 39. Ne3 Qg6 40. Nh3 Ngf6 41. Nf2 Bxf4 42. Nh3 Bg5 43. Ng2 Qh5 44. Qxh5 Nxh5 45. Rc8 f4 46. gxf4 Bf6 47. Rcxc6 Rxc6 48. Rxc6 Bxd4 49. Rd6 Ndf6 50. Bh4 e3 51. Bxf6 Nxf6 52. c6 Ne4 53. Rd7 Nf2+ 54. Kg1 Nxh3+ 55. Kf1 Bb6 56. Nxe3 Nxf4 57. Nxd5 Nxd5 58. Rxd5 Rg5 59. Rd7+ Rg7 60. Rd5 Rc7 61. Rxb5 Rxc6 62. Rd5 Kg6 63. h4 h5 64. Ke2 Re6+ 65. Kd3 Bf2 66. Rg5+ Kh6 67. b5 Bxh4 68. Rc5 Re7 69. Rc4 Bg3 70. Re4 Rb7 71. Rb4 h4 72. Ke4 Rf7 73. Rb3 Kg5 74. b6 Kg4 75. b7 Rf8 76. Rc3 Rf7 77. Rb3 Bb8 78. Kd5 h3 79. Ke6 Rh7 80. Rb4+ Kf3 81. Rb1 h2 82. Rh1 Ke2 83. Kf5 Kf2 84. Kg6 Rh3 85. Kg5 Kg2 0-1